[Event "CAN-ch"]
[Site "Toronto CAN"]
[Date "2004.08.26"]
[Round "7.24"]
[White "Huber, Gregory"]
[Black "Boik, Andrew"]
[Result "1-0"]
[WhiteElo "2265"]
[BlackElo "2058"]
[PlyCount "55"]
[GameId "2160767911086242"]
[EventDate "2004.08.20"]
[EventType "swiss"]
[EventRounds "11"]
[EventCountry "CAN"]

1. e4 c5 2. Nf3 d6 3. d4 cxd4 4. Nxd4 Nf6 5. Nc3 a6 6. Be2 e6 7. Be3 Be7 8. f4 Qc7 9. g4 b5 10. g5 Nfd7 11. a3 Nc6 12. Nxc6 Qxc6 13. Qd4 O-O 14. O-O-O Bb7 15. h4 Nc5 16. Bf3 Rfc8 17. h5 a5 18. h6 Bf8 19. Rh2 b4 20. axb4 axb4 21. Qxb4 Na4 22. Bd4 e5 23. hxg7 Bxg7 24. Nd5 Qe8 25. Nf6+ Bxf6 26. gxf6 Rc7 27. Rg1+ Kh8 28. Rg7 1-0

[Event "CAN-ch"]
[Site "Toronto CAN"]
[Date "2004.08.26"]
[Round "7.25"]
[White "Lipnowski, Samuel"]
[Black "Starr (Shterenberg), Nava"]
[Result "1-0"]
[WhiteElo "2078"]
[BlackElo "2229"]
[PlyCount "67"]
[GameId "2160767911086243"]
[EventDate "2004.08.20"]
[EventType "swiss"]
[EventRounds "11"]
[EventCountry "CAN"]

1. c4 e5 2. Nc3 Nc6 3. g3 f5 4. Bg2 Nf6 5. d3 Bc5 6. e3 O-O 7. Nge2 d6 8. O-O a6 9. d4 Ba7 10. Nd5 Nxd5 11. cxd5 Ne7 12. Bd2 f4 13. exf4 exd4 14. Ba5 Bg4 15. Rc1 Rc8 16. b3 Bxe2 17. Qxe2 Rf7 18. h4 Nf5 19. Bh3 g6 20. Qd3 Qd7 21. Rfe1 c5 22. dxc6 Rxc6 23. Bg2 Rc5 24. Bd2 Kg7 25. b4 Rxc1 26. Rxc1 Qe6 27. Qc4 Qxc4 28. Rxc4 Re7 29. Kf1 Kf6 30. Bd5 h5 31. Rc8 Kg7 32. a4 Rd7 33. Ra8 Ne7 34. Be6 1-0

[Event "CAN-ch"]
[Site "Toronto CAN"]
[Date "2004.08.26"]
[Round "7.28"]
[White "Schmidt, Tom"]
[Black "Khaziyeva, Dinara"]
[Result "1/2-1/2"]
[WhiteElo "2216"]
[BlackElo "2098"]
[PlyCount "74"]
[GameId "2160767911086244"]
[EventDate "2004.08.20"]
[EventType "swiss"]
[EventRounds "11"]
[EventCountry "CAN"]

1. e4 e5 2. Nf3 d6 3. d4 Nf6 4. Nc3 Nbd7 5. Bc4 Be7 6. O-O O-O 7. Re1 c6 8. Bb3 Qc7 9. a4 b6 10. d5 Bb7 11. dxc6 Bxc6 12. Bg5 Qb7 13. Qe2 h6 14. Bxf6 Nxf6 15. Rad1 g6 16. Nd5 Nxd5 17. Bxd5 Rac8 18. b3 Qc7 19. Bxc6 Qxc6 20. c4 a5 21. Nd2 f5 22. Nb1 Rce8 23. Nc3 Bd8 24. Qd2 Rf6 25. Qxh6 f4 26. Nd5 Rfe6 27. Rd3 Qd7 28. Rh3 Qg7 29. Qxg7+ Kxg7 30. Rd3 g5 31. h3 Rg6 32. Red1 Kf7 33. Nc3 Be7 34. Nb5 Rd8 35. Kf1 Ke8 36. Ke2 Kd7 37. Kf3 Rh8 1/2-1/2

[Event "CAN-ch"]
[Site "Toronto CAN"]
[Date "2004.08.26"]
[Round "7.29"]
[White "Nezirovic, Ozren"]
[Black "Bogle, Bill"]
[Result "1/2-1/2"]
[WhiteElo "2122"]
[BlackElo "2118"]
[PlyCount "75"]
[GameId "2160767911086245"]
[EventDate "2004.08.20"]
[EventType "swiss"]
[EventRounds "11"]
[EventCountry "CAN"]

1. e4 c5 2. Nf3 Nc6 3. d4 cxd4 4. Nxd4 Nf6 5. Nc3 d6 6. f3 e6 7. Be3 a6 8. Qd2 Be7 9. g4 Qc7 10. O-O-O O-O 11. h4 Nxd4 12. Bxd4 b5 13. h5 Nd7 14. g5 Ne5 15. Qe3 f5 16. exf5 Rxf5 17. f4 Nc4 18. Bxc4 Qxc4 19. b3 Qc6 20. Ne4 e5 21. fxe5 dxe5 22. Bc5 Bb7 23. Bxe7 Qxe4 24. Qxe4 Bxe4 25. Rhf1 Kf7 26. Rxf5+ Bxf5 27. Bc5 Bg4 28. Rf1+ Ke6 29. h6 gxh6 30. gxh6 Bf5 31. Rd1 e4 32. Kb1 Rc8 33. b4 Rc6 34. c3 Ke5 35. Be3 Rg6 36. Bd4+ Ke6 37. Bc5 Ke5 38. Bd4+ 1/2-1/2

[Event "CAN-ch"]
[Site "Toronto CAN"]
[Date "2004.08.26"]
[Round "7.30"]
[White "Anastasovski, Nikola"]
[Black "Ng, Gary"]
[Result "1-0"]
[WhiteElo "2080"]
[BlackElo "2180"]
[PlyCount "99"]
[GameId "2160767911086246"]
[EventDate "2004.08.20"]
[EventType "swiss"]
[EventRounds "11"]
[EventCountry "CAN"]

1. e4 b6 2. c4 Bb7 3. Nc3 e6 4. d3 d5 5. Bf4 d4 6. Nce2 e5 7. Bd2 g6 8. f4 Nd7 9. Nf3 Bg7 10. Qa4 f6 11. Ng3 Ne7 12. Be2 O-O 13. fxe5 Nxe5 14. Nxe5 fxe5 15. Bf3 Nc6 16. b4 a5 17. b5 Nb8 18. c5 bxc5 19. Qc4+ Kh8 20. Qxc5 c6 21. a4 Nd7 22. Qa3 cxb5 23. axb5 Qb6 24. Bxa5 Qxb5 25. O-O Ba6 26. Rfd1 Rfc8 27. Rab1 Qc5 28. Bb4 Qa7 29. Bg4 Rcb8 30. Rf1 Nf8 31. Ra1 Qb7 32. Bd6 Rd8 33. Rab1 Qc6 34. Be7 Re8 35. Rfc1 Bb7 36. Qb4 Qa6 37. Qxb7 Qxd3 38. Rf1 h5 39. Be2 Qe3+ 40. Kh1 h4 41. Bxh4 d3 42. Rf3 Qc5 43. Bxd3 Reb8 44. Qd5 Rxb1+ 45. Bxb1 Qc8 46. Nf1 Ra1 47. Bd3 Qc1 48. Bc4 Kh7 49. Be7 Nd7 50. Qg8+ 1-0

[Event "CAN-ch"]
[Site "Toronto CAN"]
[Date "2004.08.26"]
[Round "7.31"]
[White "Thavandiran, Shiyam"]
[Black "Goutor, Valentina"]
[Result "1/2-1/2"]
[WhiteElo "2253"]
[BlackElo "2065"]
[PlyCount "118"]
[GameId "2160767911086247"]
[EventDate "2004.08.20"]
[EventType "swiss"]
[EventRounds "11"]
[EventCountry "CAN"]

1. e4 c5 2. Nf3 d6 3. d4 Nf6 4. Nc3 cxd4 5. Qxd4 a6 6. Bg5 Nc6 7. Qd2 h6 8. Bh4 g5 9. Bg3 Bg7 10. O-O-O Be6 11. e5 dxe5 12. Qxd8+ Rxd8 13. Rxd8+ Kxd8 14. Nxe5 Nxe5 15. Bxe5 Nh5 16. Bxg7 Nxg7 17. Bd3 Kc7 18. Re1 Rd8 19. a4 Rd4 20. a5 Ne8 21. Re4 Rxe4 22. Nxe4 Nd6 23. Nxd6 Kxd6 24. b4 Bd5 25. g3 e5 26. c4 e4 27. Be2 Bc6 28. Kd2 Ke5 29. Kc3 Bd7 30. b5 Bc8 31. c5 axb5 32. Kb4 f5 33. Kxb5 f4 34. gxf4+ gxf4 35. Kb6 Kd4 36. Kc7 Be6 37. Kd6 Bc8 38. Kc7 Be6 39. Kd6 Bc8 40. Kc7 Be6 41. Kxb7 Kxc5 42. Kc7 f3 43. Bf1 Bc4 44. Bxc4 Kxc4 45. a6 e3 46. a7 e2 47. a8=Q e1=Q 48. Qa6+ Kb3 49. Qb7+ Ka2 50. Qxf3 Qe5+ 51. Kd7 Qxh2 52. Qf7+ Kb1 53. f4 Qd2+ 54. Ke7 Qb4+ 55. Ke8 Qb8+ 56. Ke7 Qc7+ 57. Kf8 Qxf7+ 58. Kxf7 h5 59. Kg6 h4 1/2-1/2

[Event "CAN-ch"]
[Site "Toronto CAN"]
[Date "2004.08.26"]
[Round "7.32"]
[White "Smith, Hazel"]
[Black "Aspler, Gerald"]
[Result "1-0"]
[WhiteElo "2016"]
[BlackElo "2138"]
[PlyCount "71"]
[GameId "2160767911086248"]
[EventDate "2004.08.20"]
[EventType "swiss"]
[EventRounds "11"]
[EventCountry "CAN"]

1. e4 c5 2. Nf3 Nc6 3. d4 cxd4 4. Nxd4 Nf6 5. Nc3 e5 6. Ndb5 a6 7. Nd6+ Bxd6 8. Qxd6 Qe7 9. Qd1 O-O 10. a3 h6 11. Be3 b5 12. Be2 Bb7 13. O-O Na5 14. f3 Rac8 15. Qd2 Nc4 16. Bxc4 Rxc4 17. Rfd1 Rfc8 18. Qd6 Qxd6 19. Rxd6 b4 20. axb4 Rxb4 21. Ra2 Bc6 22. Bd2 Ne8 23. Rd3 d6 24. b3 Rb6 25. Be3 Bb5 26. Nxb5 Rxb5 27. c4 Rb4 28. Rxa6 Rcb8 29. Ra3 Kf8 30. c5 Ke7 31. cxd6+ Kd7 32. Bc5 R4b5 33. b4 R8b7 34. Rd5 f6 35. g3 Kc6 36. d7 1-0

[Event "CAN-ch"]
[Site "Toronto CAN"]
[Date "2004.08.26"]
[Round "7.33"]
[White "MacDonald, Jonathan"]
[Black "Davies, Noam"]
[Result "1-0"]
[WhiteElo "2125"]
[BlackElo "1953"]
[PlyCount "63"]
[GameId "2160767911086249"]
[EventDate "2004.08.20"]
[EventType "swiss"]
[EventRounds "11"]
[EventCountry "CAN"]

1. e4 c5 2. Nf3 e6 3. d4 cxd4 4. Nxd4 a6 5. Bd3 Nf6 6. O-O Qc7 7. Qe2 d6 8. c4 b6 9. b3 Bb7 10. Bb2 Nbd7 11. Nc3 g6 12. Kh1 Bg7 13. f4 O-O 14. Rae1 Nc5 15. Bb1 e5 16. fxe5 dxe5 17. Nf3 Rae8 18. Nd5 Nxd5 19. cxd5 a5 20. Bd3 f5 21. Bc4 Qd6 22. Ba3 fxe4 23. Ng5 Rxf1+ 24. Rxf1 Rf8 25. Rxf8+ Bxf8 26. Nxe4 Qd8 27. Nxc5 bxc5 28. d6+ Kg7 29. Qxe5+ Qf6 30. Bb2 Qxe5 31. Bxe5+ Kh6 32. d7 1-0

[Event "CAN-ch"]
[Site "Toronto CAN"]
[Date "2004.08.26"]
[Round "7.34"]
[White "Cleto, Sam"]
[Black "Belzberg, Sid"]
[Result "0-1"]
[WhiteElo "1928"]
[BlackElo "2039"]
[PlyCount "64"]
[GameId "2160767911086250"]
[EventDate "2004.08.20"]
[EventType "swiss"]
[EventRounds "11"]
[EventCountry "CAN"]

1. d4 Nf6 2. Nf3 c5 3. d5 b5 4. g3 Bb7 5. c4 bxc4 6. Nc3 e6 7. e4 exd5 8. exd5 d6 9. Bxc4 Be7 10. O-O O-O 11. h4 Nbd7 12. Re1 Ng4 13. Ng5 Nge5 14. b3 h6 15. Nge4 f5 16. Nd2 f4 17. Nf1 fxg3 18. f4 Nxc4 19. bxc4 Bf6 20. Bd2 Bd4+ 21. Kg2 Bxc3 22. Bxc3 Rxf4 23. Nxg3 Rxc4 24. Bxg7 Nb6 25. Qh5 Bxd5+ 26. Kg1 Rxh4 27. Bf6 Qxf6 28. Re8+ Rxe8 29. Qxe8+ Kh7 30. Rf1 Qg7 31. Qe3 Rh1+ 32. Kf2 Rh2+ 0-1

[Event "CAN-ch"]
[Site "Toronto CAN"]
[Date "2004.08.28"]
[Round "8"]
[White "Cazelais, Marc"]
[Black "Huber, Gregory"]
[Result "0-1"]
[WhiteElo "2133"]
[BlackElo "2219"]
[PlyCount "106"]
[GameId "2160767911086251"]
[EventDate "2004.08.20"]
[EventType "swiss"]
[EventRounds "11"]
[EventCountry "CAN"]
[SourceTitle "CBM 101 Extra"]
[Source "ChessBase"]
[SourceDate "2004.09.01"]
[SourceVersion "2"]
[SourceVersionDate "2004.09.01"]
[SourceQuality "1"]

1. e4 c5 2. c3 Nf6 3. e5 Nd5 4. d4 cxd4 5. Nf3 e6 6. cxd4 d6 7. Nc3 Nxc3 8. bxc3 Qc7 9. Bd2 Nd7 10. exd6 Bxd6 11. Bd3 b6 12. O-O O-O 13. Re1 Bb7 14. h3 Rac8 15. Rc1 Bf4 16. Ng5 Nf6 17. Ne4 Nxe4 18. Bxe4 Bxd2 19. Qxd2 Bxe4 20. Rxe4 Rfd8 21. Qg5 Rd5 22. Qe3 Qc4 23. a3 Ra5 24. Rg4 Rxa3 25. Qh6 g6 26. Rh4 Rxc3 27. Qxh7+ Kf8 28. Qh6+ Ke8 29. Rxc3 Qxc3 30. Rf4 Rc7 31. Qh8+ Ke7 32. Qf6+ Kd6 33. Qe5+ Kc6 34. d5+ Kb5 35. Qxc3 Rxc3 36. Rxf7 exd5 37. Rxa7 Rc1+ 38. Kh2 Rc6 39. Kg3 d4 40. Kf3 Re6 41. Rd7 Kc4 42. Rc7+ Kb3 43. Rd7 Kc3 44. Rc7+ Kd2 45. h4 d3 46. g4 Kd1 47. h5 gxh5 48. gxh5 d2 49. Rg7 b5 50. h6 Rxh6 51. Ke3 Re6+ 52. Kd3 Rd6+ 53. Ke3 Kc2 0-1

[Event "CAN-ch"]
[Site "Toronto CAN"]
[Date "2004.08.28"]
[Round "8"]
[White "Dougherty, Michael"]
[Black "Krnan, Tomas"]
[Result "0-1"]
[WhiteElo "2229"]
[BlackElo "2331"]
[PlyCount "58"]
[GameId "2160767911086253"]
[EventDate "2004.08.20"]
[EventType "swiss"]
[EventRounds "11"]
[EventCountry "CAN"]
[SourceTitle "CBM 101 Extra"]
[Source "ChessBase"]
[SourceDate "2004.09.01"]
[SourceVersion "2"]
[SourceVersionDate "2004.09.01"]
[SourceQuality "1"]

1. e4 e5 2. Bc4 Nf6 3. d4 Nc6 4. Nf3 exd4 5. O-O Bc5 6. e5 d5 7. exf6 dxc4 8. Re1+ Be6 9. Ng5 Qd5 10. Nc3 Qf5 11. Nce4 O-O-O 12. g4 Qe5 13. Nxc5 Qxc5 14. fxg7 Rhg8 15. Ne4 Qe5 16. Bh6 Bd5 17. f3 Bxe4 18. Rxe4 Qf6 19. g5 Qd6 20. Qe1 f5 21. gxf6 Qxf6 22. Qh4 Qxh4 23. Rxh4 Ne7 24. Rf4 d3 25. c3 Rd6 26. Re1 d2 27. Rf8+ Kd7 28. Rd1 Rxh6 29. Rxd2+ Rd6 0-1

[Event "CAN-ch"]
[Site "Toronto CAN"]
[Date "2004.08.28"]
[Round "8"]
[White "Jung, Hans"]
[Black "Peng, David Yu"]
[Result "1-0"]
[WhiteElo "2196"]
[BlackElo "2038"]
[PlyCount "85"]
[GameId "2160767911086255"]
[EventDate "2004.08.20"]
[EventType "swiss"]
[EventRounds "11"]
[EventCountry "CAN"]
[SourceTitle "CBM 101 Extra"]
[Source "ChessBase"]
[SourceDate "2004.09.01"]
[SourceVersion "2"]
[SourceVersionDate "2004.09.01"]
[SourceQuality "1"]

1. e4 e6 2. d3 d5 3. Nd2 Nf6 4. g3 c5 5. Bg2 Nc6 6. Ngf3 Be7 7. O-O b5 8. Re1 O-O 9. e5 Nd7 10. Nf1 Rb8 11. h4 Bb7 12. Bf4 Re8 13. N1h2 d4 14. Ng4 h5 15. Ngh2 g6 16. Ng5 Kg7 17. Bh3 Bxg5 18. Bxg5 Qc7 19. f4 Ne7 20. g4 Qc6 21. Kf2 hxg4 22. Nxg4 Nd5 23. Rg1 Rh8 24. Bg2 c4 25. Qe2 cxd3 26. cxd3 Rhc8 27. Rad1 Qc2 28. Rd2 Nb4 29. Be7 Qa4 30. Bd6 Bxg2 31. Bxb8 Rxb8 32. Rxg2 Qxa2 33. Nf6 Nc5 34. h5 Rc8 35. Rg3 Rh8 36. Qf3 Qb1 37. Qd1 Qa2 38. Qg1 Nbxd3+ 39. Rgxd3 Nxd3+ 40. Rxd3 Qxb2+ 41. Kf3 Rc8 42. h6+ Kf8 43. Qxd4 1-0

[Event "CAN-ch"]
[Site "Toronto CAN"]
[Date "2004.08.28"]
[Round "8"]
[White "Tessier, Olivier"]
[Black "Schmidt, Tom"]
[Result "1-0"]
[WhiteElo "2141"]
[BlackElo "2108"]
[PlyCount "71"]
[GameId "2160767911086256"]
[EventDate "2004.08.20"]
[EventType "swiss"]
[EventRounds "11"]
[EventCountry "CAN"]
[SourceTitle "CBM 101 Extra"]
[Source "ChessBase"]
[SourceDate "2004.09.01"]
[SourceVersion "2"]
[SourceVersionDate "2004.09.01"]
[SourceQuality "1"]

1. f3 e5 2. g3 d5 3. Nh3 f5 4. d3 Nf6 5. Nf2 Bc5 6. e3 Nc6 7. c3 O-O 8. Bg2 Qe7 9. O-O a5 10. a4 Be6 11. Na3 Rae8 12. Nb5 Bb6 13. Re1 Qf7 14. d4 h6 15. b3 Kh8 16. Rb1 g5 17. Qc2 exd4 18. exd4 f4 19. Bb2 fxg3 20. hxg3 Nh5 21. c4 Bf5 22. Ne4 Nxg3 23. Re3 Nh5 24. Rbe1 Nf4 25. Bf1 Kh7 26. cxd5 Nb4 27. Qh2 Qg6 28. Nf6+ Qxf6 29. Rxe8 Rxe8 30. Rxe8 Nbd3 31. Bxd3 Nxd3 32. Bc3 c6 33. dxc6 bxc6 34. Qd6 Qxd6 35. Nxd6 Bh3 36. Ne4 1-0

[Event "CAN-ch"]
[Site "Toronto CAN"]
[Date "2004.08.28"]
[Round "8"]
[White "Yoos, John"]
[Black "Wang, David"]
[Result "1/2-1/2"]
[WhiteElo "2405"]
[BlackElo "2110"]
[PlyCount "56"]
[GameId "2160767911086258"]
[EventDate "2004.08.20"]
[EventType "swiss"]
[EventRounds "11"]
[EventCountry "CAN"]
[SourceTitle "CBM 101 Extra"]
[Source "ChessBase"]
[SourceDate "2004.09.01"]
[SourceVersion "2"]
[SourceVersionDate "2004.09.01"]
[SourceQuality "1"]

1. e4 e5 2. f4 exf4 3. Bc4 Qh4+ 4. Kf1 d5 5. exd5 Bd6 6. d4 Ne7 7. Nc3 O-O 8. Nf3 Qh6 9. Nb5 Nf5 10. Kg1 Re8 11. Bd3 Ne3 12. Bxe3 Rxe3 13. h3 Nd7 14. c4 b6 15. Qd2 Nf6 16. Re1 Bd7 17. Nxd6 cxd6 18. Rxe3 fxe3 19. Qe1 Re8 20. Qh4 Nh5 21. Kh2 f6 22. Be2 Qf4+ 23. Qxf4 Nxf4 24. Re1 Bf5 25. b3 Be4 26. Kg3 g5 27. Bf1 Bc2 28. Be2 Be4 1/2-1/2

[Event "CAN-ch"]
[Site "Toronto CAN"]
[Date "2004.08.28"]
[Round "8.1"]
[White "Milicevic, Goran"]
[Black "Spraggett, Kevin"]
[Result "1/2-1/2"]
[WhiteElo "2328"]
[BlackElo "2630"]
[PlyCount "33"]
[GameId "2160767911086259"]
[EventDate "2004.08.20"]
[EventType "swiss"]
[EventRounds "11"]
[EventCountry "CAN"]

1. d4 f5 2. Nf3 Nf6 3. g3 e6 4. Bg2 Be7 5. O-O O-O 6. c4 Ne4 7. Qc2 d5 8. Bf4 c6 9. Nbd2 Nd7 10. Nxe4 fxe4 11. Ne5 Bf6 12. Rad1 Qe7 13. f3 Bxe5 14. Bxe5 Nxe5 15. dxe5 exf3 16. exf3 Qc5+ 17. Rf2 1/2-1/2

[Event "CAN-ch"]
[Site "Toronto CAN"]
[Date "2004.08.28"]
[Round "8.3"]
[White "Ochkoos, Jura"]
[Black "Zugic, Igor"]
[Result "0-1"]
[WhiteElo "2338"]
[BlackElo "2522"]
[PlyCount "145"]
[GameId "2160767911086260"]
[EventDate "2004.08.20"]
[EventType "swiss"]
[EventRounds "11"]
[EventCountry "CAN"]

1. e4 c5 2. Nf3 d6 3. d4 cxd4 4. Nxd4 Nf6 5. Nc3 Bd7 6. Bg5 e6 7. Qd2 a6 8. O-O-O h6 9. Bxf6 Qxf6 10. f4 Nc6 11. Nf3 Qd8 12. Bd3 Be7 13. Kb1 Qa5 14. Bc4 O-O-O 15. h4 Qc5 16. Bb3 Na5 17. Qe1 Kb8 18. Rd3 Nxb3 19. axb3 g6 20. Qg3 b5 21. Rhd1 Rc8 22. R1d2 Rc7 23. Qe1 Rhc8 24. g4 b4 25. Na4 Qa5 26. f5 Rb7 27. Qe3 Bb5 28. fxe6 fxe6 29. Qxh6 Bxd3 30. Rxd3 Qc7 31. Rd2 Rf8 32. Rd3 Rg8 33. Qe3 Rh8 34. g5 Rf8 35. Qd4 Qc6 36. Re3 e5 37. Qd3 Rf4 38. Ka2 Rc7 39. c3 Qb5 40. c4 Qc6 41. Qe2 Bd8 42. Qe1 a5 43. c5 Rcf7 44. Qe2 Bc7 45. cxd6 Bxd6 46. Qd3 Kb7 47. Nd2 Rxh4 48. Rh3 Rhf4 49. Rh6 Bc7 50. Rh8 Rf8 51. Rh7 R4f7 52. Rxf7 Rxf7 53. Nc4 Rf8 54. Qh3 Rd8 55. Qh7 Kb8 56. Qe7 Qxe4 57. Nc5 Qc6 58. Nxe5 Qd6 59. Qxd6 Rxd6 60. Ned7+ Kc8 61. Nf6 Bd8 62. Nce4 Re6 63. Kb1 Bxf6 64. Nxf6 Re5 65. Nh7 Kd7 66. Nf8+ Kd6 67. Nxg6 Rxg5 68. Nf4 Ke5 69. Ne2 Rg2 70. Nc1 Kd4 71. Ka2 Ke3 72. Kb1 Kd2 73. Ka2 0-1

[Event "CAN-ch"]
[Site "Toronto CAN"]
[Date "2004.08.28"]
[Round "8.7"]
[White "Hamilton, Robert"]
[Black "Noritsyn, Nikolay"]
[Result "0-1"]
[WhiteElo "2389"]
[BlackElo "2323"]
[PlyCount "124"]
[GameId "2160767911086262"]
[EventDate "2004.08.20"]
[EventType "swiss"]
[EventRounds "11"]
[EventCountry "CAN"]

1. d4 Nf6 2. c4 g6 3. Nc3 Bg7 4. Bg5 d6 5. e3 c6 6. Nf3 O-O 7. Be2 Nbd7 8. O-O Qc7 9. b4 e5 10. c5 dxc5 11. bxc5 Re8 12. Qb3 exd4 13. exd4 Nf8 14. Rab1 Ne6 15. Bh4 Nh5 16. Rfd1 Nef4 17. Bc4 Rb8 18. d5 cxd5 19. Nxd5 Nxd5 20. Bxd5 Be6 21. Ng5 Bxd5 22. Qxd5 Re5 23. Qd7 Qxd7 24. Rxd7 f6 25. c6 fxg5 26. f4 Ree8 27. c7 Rbc8 28. Bxg5 b6 29. Rbd1 Nf6 30. Rd8 Kf7 31. Rxe8 Kxe8 32. Rd6 Ke7 33. Rc6 Kd7 34. Rc3 Rxc7 35. Rd3+ Ke6 36. h3 Rd7 37. Re3+ Kf7 38. Bh4 b5 39. Rf3 Rd5 40. Ra3 Rd7 41. Bf2 Nd5 42. g3 Nb6 43. Ra5 b4 44. Kg2 Bc3 45. Ra6 Rb7 46. g4 Ke6 47. Kf3 Kd5 48. g5 Kc4 49. Ra5 Bd4 50. Bxd4 Kxd4 51. f5 Nc4 52. Ra6 gxf5 53. Kf4 Ne3 54. Ra4 Nd5+ 55. Kxf5 Nc3 56. Ra6 Kd3 57. h4 Kc2 58. h5 Kb2 59. Rh6 Kxa2 60. Rxh7 Rxh7 61. h6 b3 62. g6 b2 0-1

[Event "CAN-ch"]
[Site "Toronto CAN"]
[Date "2004.08.28"]
[Round "8.9"]
[White "Feoktistov, Dmitri"]
[Black "MacPhail, John"]
[Result "1/2-1/2"]
[WhiteElo "2175"]
[BlackElo "2333"]
[PlyCount "75"]
[GameId "2160767911086263"]
[EventDate "2004.08.20"]
[EventType "swiss"]
[EventRounds "11"]
[EventCountry "CAN"]

1. e4 c5 2. c3 d5 3. exd5 Qxd5 4. d4 g6 5. Be3 cxd4 6. cxd4 Bg7 7. Nc3 Qd8 8. Bc4 Nf6 9. Nf3 O-O 10. Ne5 Nbd7 11. Qb3 e6 12. Nxd7 Qxd7 13. Rd1 b6 14. d5 exd5 15. Nxd5 Nxd5 16. Bxd5 Bb7 17. O-O Rad8 18. Bxb7 Qxb7 19. a4 Qc7 20. Qb5 Qc2 21. Rxd8 Rxd8 22. a5 Qxb2 23. Qxb2 Bxb2 24. axb6 a5 25. b7 a4 26. Bf4 a3 27. b8=Q Rxb8 28. Bxb8 a2 29. g4 Kg7 30. Kg2 Kf6 31. f3 a1=Q 32. Rxa1 Bxa1 33. h3 Be5 34. Ba7 Ke6 35. Bb6 Kd5 36. Ba7 Kc4 37. Bb6 Kd3 38. Ba7 1/2-1/2

[Event "CAN-ch"]
[Site "Toronto CAN"]
[Date "2004.08.28"]
[Round "8.10"]
[White "Gardner, Robert"]
[Black "Quan Zhe"]
[Result "0-1"]
[WhiteElo "2249"]
[BlackElo "2420"]
[PlyCount "76"]
[GameId "2160767911086264"]
[EventDate "2004.08.20"]
[EventType "swiss"]
[EventRounds "11"]
[EventCountry "CAN"]

1. g3 g6 2. Bg2 Bg7 3. d3 e5 4. a3 Ne7 5. b4 O-O 6. Bb2 d5 7. Nd2 Nd7 8. e4 d4 9. Ne2 c5 10. f4 Nb6 11. fxe5 Nc6 12. bxc5 Na4 13. Qb1 Bg4 14. Bf3 Be6 15. O-O Bxe5 16. Bg2 Nxc5 17. Nf3 Bg7 18. a4 Qd7 19. Ba3 b6 20. a5 Rfb8 21. axb6 Rxb6 22. Qe1 Na4 23. Qf2 Nc3 24. Nxc3 dxc3 25. Bc5 Rb2 26. d4 Nb4 27. Qe3 Nxc2 28. Qxc3 Nxa1 29. Qxb2 Nb3 30. e5 Nxc5 31. dxc5 Rc8 32. Qc3 Bf8 33. Ng5 Bxc5+ 34. Kh1 Be7 35. Qe3 Bxg5 36. Qxg5 Rc2 37. Be4 Bd5 38. Qe3 Qh3 0-1

[Event "CAN-ch"]
[Site "Toronto CAN"]
[Date "2004.08.28"]
[Round "8.12"]
[White "Filipovich, David"]
[Black "Sasata, Robert"]
[Result "1/2-1/2"]
[WhiteElo "2258"]
[BlackElo "2355"]
[PlyCount "79"]
[GameId "2160767911086265"]
[EventDate "2004.08.20"]
[EventType "swiss"]
[EventRounds "11"]
[EventCountry "CAN"]

1. g3 f5 2. Bg2 d6 3. d4 Nf6 4. c4 g6 5. Nh3 Bg7 6. Nc3 O-O 7. d5 e5 8. dxe6 c6 9. Nf4 Qe7 10. O-O Na6 11. Re1 Nc5 12. h4 Bxe6 13. e4 Nfxe4 14. Nxe4 fxe4 15. Bxe4 Nxe4 16. Rxe4 Be5 17. Nxe6 Qxe6 18. Qe2 Qf5 19. Bh6 Bg7 20. Bxg7 Kxg7 21. Re1 Rf7 22. Qd2 Raf8 23. Rf4 Qc5 24. b4 Qb6 25. Qxd6 Rxf4 26. gxf4 Rf7 27. Re7 Rxe7 28. Qxe7+ Kh6 29. h5 Qd4 30. Qg5+ Kg7 31. hxg6 hxg6 32. f5 Qxc4 33. Qxg6+ Kf8 34. f6 Qf7 35. Qh6+ Ke8 36. Qe3+ Kd7 37. Qxa7 Qg6+ 38. Kh2 Qh5+ 39. Kg3 Qg5+ 40. Kh3 1/2-1/2

[Event "CAN-ch"]
[Site "Toronto CAN"]
[Date "2004.08.28"]
[Round "8.13"]
[White "Predescu, Sebastian"]
[Black "Gravel, Simon M"]
[Result "1/2-1/2"]
[WhiteElo "2232"]
[BlackElo "2333"]
[PlyCount "82"]
[GameId "2160767911086266"]
[EventDate "2004.08.20"]
[EventType "swiss"]
[EventRounds "11"]
[EventCountry "CAN"]

1. e4 d5 2. exd5 Nf6 3. d4 Nxd5 4. Nf3 g6 5. Be2 Bg7 6. c4 Nb6 7. Nc3 O-O 8. Be3 Nc6 9. d5 Ne5 10. Nxe5 Bxe5 11. Bd4 Bxd4 12. Qxd4 e5 13. Qd2 c6 14. d6 Be6 15. b3 f5 16. O-O a5 17. Rfd1 Qf6 18. c5 Nd7 19. Na4 g5 20. Bc4 g4 21. Bxe6+ Qxe6 22. Qg5+ Kf7 23. Qh5+ Kg7 24. Qg5+ Qg6 25. Qxg6+ hxg6 26. Rab1 Kf6 27. g3 Rh8 28. b4 axb4 29. Rxb4 Ke6 30. Nb6 Nxb6 31. Rxb6 Ra7 32. Rb2 Rh7 33. Kg2 Ra5 34. Rc1 e4 35. Rd2 Rh8 36. Rc4 Rha8 37. a4 Rh8 38. Rd1 Rh7 39. Rdd4 Ra8 40. Rb4 Ra5 41. Rbc4 Ra8 1/2-1/2

[Event "CAN-ch"]
[Site "Toronto CAN"]
[Date "2004.08.28"]
[Round "8.14"]
[White "Stevens, Christian"]
[Black "Davies, Lucas"]
[Result "1-0"]
[WhiteElo "2320"]
[BlackElo "2153"]
[PlyCount "69"]
[GameId "2160767911086267"]
[EventDate "2004.08.20"]
[EventType "swiss"]
[EventRounds "11"]
[EventCountry "CAN"]

1. e4 c6 2. d4 d5 3. Nd2 dxe4 4. Nxe4 Nd7 5. Bd3 Ngf6 6. Ng5 e6 7. Qe2 Bd6 8. N1f3 h6 9. Ne4 Nxe4 10. Qxe4 Nf6 11. Qe2 Qc7 12. c4 O-O 13. Bd2 c5 14. dxc5 Bxc5 15. Bc3 Qe7 16. O-O-O Bb4 17. Bxb4 Qxb4 18. Ne5 Bd7 19. Kb1 Rfd8 20. g4 Ba4 21. Rde1 Nd7 22. Nxf7 Rf8 23. Nxh6+ gxh6 24. Qxe6+ Rf7 25. Bg6 Raf8 26. Re3 Kg7 27. Bxf7 Rxf7 28. g5 hxg5 29. Rg1 Qa5 30. f4 Rxf4 31. Qe7+ Kg6 32. Re6+ Rf6 33. Rf1 Rxe6 34. Qxe6+ Kh5 35. Rf7 1-0

[Event "CAN-ch"]
[Site "Toronto CAN"]
[Date "2004.08.28"]
[Round "8.15"]
[White "Jiganchine, Roman"]
[Black "Bailey, Doug"]
[Result "1-0"]
[WhiteElo "2218"]
[BlackElo "2290"]
[PlyCount "123"]
[GameId "2160767911086268"]
[EventDate "2004.08.20"]
[EventType "swiss"]
[EventRounds "11"]
[EventCountry "CAN"]

1. e4 c5 2. Nf3 d6 3. d4 cxd4 4. Nxd4 Nf6 5. Nc3 g6 6. Be3 Bg7 7. f3 O-O 8. Qd2 Nc6 9. g4 Nxd4 10. Bxd4 Qa5 11. O-O-O Rd8 12. a3 Be6 13. h4 Rac8 14. Nd5 Qxd2+ 15. Rxd2 Nxd5 16. Bxg7 Kxg7 17. exd5 Bd7 18. h5 g5 19. h6+ Kg6 20. Bd3+ f5 21. Re2 Re8 22. Rhe1 Kf7 23. Rf2 e5 24. dxe6+ Rxe6 25. Rxe6 Bxe6 26. gxf5 Bc4 27. Kd2 Kf6 28. Re2 Bf7 29. Re4 Rc6 30. Ra4 a6 31. Rb4 Bd5 32. Ke3 Rc5 33. Rb6 Bc6 34. Kf2 Ra5 35. Be4 d5 36. b4 dxe4 37. bxa5 exf3 38. Rb4 Kxf5 39. Rd4 Be4 40. Kg3 Ke5 41. c3 g4 42. Rd7 Bf5 43. Rxb7 Ke4 44. Rf7 Ke5 45. Rb7 Bg6 46. Rb4 Be4 47. Rd4 Bf5 48. Rf4 Kf6 49. Rb4 Kg5 50. Rb6 Bd3 51. Rd6 Be2 52. Rc6 Kf5 53. c4 Ke4 54. Rxa6 Bxc4 55. Rf6 Ke3 56. a6 Ke2 57. a7 Bd5 58. Rf4 Bc6 59. Rb4 Ke3 60. Rxg4 Bd5 61. Rf4 Ke2 62. Rf8 1-0